=LDR 00000nam 2200000 4500 =001 000296 =005 20250710012039 =035 ##$$a 0010-0725000146 =007 ta =008 250710################a##########0#ind## =020 ##$$a 978-623-307-614-2 =082 ##$$a 398.209 598 =084 ##$$a 398.209 598 FOU k =100 #$$a Foundation, Herstory =245 1#$$a Kota Panam /$c Herstory Foundation =250 ##$$a Cetakan Pertama =260 ##$$a Jakarta Timur :$b Badan Pengembangan dan Pembinaan Bahasa,$c 2024 =300 ##$$a 10 hlm. : $b ilus. ; $c 22,9 cm =650 #4$$a Cerita Anak Indonesia-Terjemahan =650 #4$$a Literasi-Bahan Bacaan =856 ##$$a TBM As Suhada =990 ##$$a TBM00060006